logo

Bir Sreshtho Munshi Abdur Rouf Library
Jhenaidah Cadet College

সাহিত্যের রূপ-রীতি ও অন্যান্য প্রসঙ্গ / (Record no. 10600)

MARC details
000 -LEADER
fixed length control field 00849nam a2200229 a 4500
001 - CONTROL NUMBER
JCCL Control Number 10600
003 - CONTROL NUMBER IDENTIFIER
JCCL marc code BD-JhCC
005 - DATE AND TIME OF LATEST TRANSACTION
control field 20190617134007.0
008 - FIXED-LENGTH DATA ELEMENTS--GENERAL INFORMATION
fixed length control field 180728s20121995ii |||| |||| 000 0 ben d
035 ## - SYSTEM CONTROL NUMBER
system control number (BD-JhCC)10600
040 ## - CATALOGING SOURCE
Original cataloging agency BD-JhCC
Modifying agency BD-JhCC
041 ## - LANGUAGE CODE
Language code of Book ben
082 ## - DEWEY DECIMAL CLASSIFICATION NUMBER
Classification number 891.4409
Author mark and Year CHA 2012
100 ## - MAIN ENTRY--PERSONAL NAME
Personal name চট্রোপাধ্যায়, কুন্তল
245 ## - TITLE STATEMENT
Title সাহিত্যের রূপ-রীতি ও অন্যান্য প্রসঙ্গ /
Statement of responsibility, etc কুন্তল চট্রোপাধ্যায়
260 ## - PUBLICATION, DISTRIBUTION, ETC. (IMPRINT)
Place of publication, distribution, etc কলকাতা :
Name of publisher, distributor, etc রত্নাবলী প্রকাশনী,
Date of publication, distribution, etc ২০১২.
300 ## - PHYSICAL DESCRIPTION
Pagination 455 P. :
Dimensions 21 cm.
650 ## - SUBJECT ADDED ENTRY--TOPICAL TERM
Topical term or geographic name as entry element Bengali literature
General subdivision History and Critisiam
650 ## - SUBJECT ADDED ENTRY--TOPICAL TERM
Topical term or geographic name as entry element বাংলা সাহিত্য
942 ## - ADDED ENTRY ELEMENTS (KOHA)
Source of classification or shelving scheme Dewey Decimal Classification
Koha item type Books
Koha issues (borrowed), all copies 4
Holdings
Source of classification or shelving scheme Damaged status Not for loan Home library Current library Shelving location Date of accession Cost, normal purchase price Total Checkouts Full call number Barcode Date last seen Date checked out Copy number Koha item type
Dewey Decimal Classification     JCC Rouf Library JCC Rouf Library General Stacks 07/28/2018 280.00 2 891.4409 CHA 2012 13633 07/08/2019 06/16/2019 C-1 Books

JCC Library | Contacts | JCC Home

Last Update on 23 September 2017
Copyright @ 2017-2020 JCC Rouf Library
Rouf Library, Jhenidah Cadet College (JCC), Bangladesh